| 000 | 00731nam a22002417a 4500 | ||
|---|---|---|---|
| 942 | _cBK | ||
| 999 |
_c560 _d560 |
||
| 005 | 20250420134816.0 | ||
| 008 | 200806b ||||| |||| 00| 0 eng d | ||
| 020 | _a9780074631133 | ||
| 040 | _cKCST | ||
| 082 |
_a511.1 _bTr Di |
||
| 100 |
_aTremblay, Jean-Paul _94921 |
||
| 245 |
_aDiscrete mathematical structures with applications to computer science / _cJean-Paul Tremblay; R Manohar |
||
| 250 | _a50th reprint | ||
| 260 |
_aNew York : _bMcGraw-Hill, _c2016. C1975. |
||
| 300 | _ap. | ||
| 440 |
_aMcGraw-Hill computer science series _94922 |
||
| 650 |
_aMathematics. _9408 |
||
| 650 |
_aElectronic data processing. _9661 |
||
| 650 |
_aMachine theory. _9503 |
||
| 700 |
_aManohar, R _94923 |
||
| 942 | _2ddc | ||